000
00246nam a2200097Ia 4500
005
20251222114351.0
008
251222s1900||||xx |||||||||||||| ||spa||
082
_a
DVD0093/E48/2002
245
0
_a
Embarazo: video tutoriales de enseƱanza:
942
_c
DVD
999
_c
1247
_d
1247